Summer Olympics - Cycling (Road) - Statistics

General Stats
  • This quiz has been taken 367 times
    365 since last reset
  • The average score is 19 of 27
Answer Stats
Medals Answer % Correct
18 France
97%
13 Belgium
96%
3 Spain
96%
19 Italy
95%
13 United States
95%
12 Germany
93%
14 Netherlands
90%
8 Russia
88%
4 Australia
83%
8 Switzerland
83%
2 Norway
81%
3 Canada
79%
8 Denmark
79%
16 Sweden
79%
6 Poland
77%
1 Portugal
77%
16 Great Britain
65%
8 Soviet Union
64%
1 Colombia
63%
3 East Germany
50%
2 Kazakhstan
47%
1 Greece
46%
4 West Germany
43%
2 South Africa
41%
1 Czechoslovakia
39%
1 Latvia
35%
1 Lithuania
34%
No matching quizzes found
Score Distribution
Percent of People with Each Score
Percentile by Number Answered
Your Score History
You have not taken this quiz since the last reset